000 00763cam a2200265 4500
008 090401t1980 xxu||||| |||| 00| 0 eng d
020 _a0117250678
035 _a(Sirsi) u43280
041 _aeng
050 _a690
110 _aBuilding Research Establishment
245 _aLow-rise buildings on shrinkable clay soils: part 3
260 _aWatford
_bBuilding Research Establishment
_c1980
300 _a4p. : ill. ; 30cm.
350 _a0
490 _aBRE Digest
_v242
650 _aBEAM FOUNDATIONS
650 _aBORED PILE FOUNDATIONS
650 _aCLAY SOILS
650 _aBUILT ENVIRONMENT-BUILDING ELEMENTS-COMPLETE BUILDING ELEMENTS-FOUNDATIONS
650 _aLOADING
690 _aBUILT ENVIRONMENT
942 _n0
948 _c04/03/1997
999 _c91286
_d91286